| 000 | 00991cam a2200325 i 4500 | ||
|---|---|---|---|
| 001 | 768714001 | ||
| 003 | CO-MdFUSB | ||
| 005 | 20241203155947.0 | ||
| 007 | ta | ||
| 008 | 241203t1993 -ck||||| |||| 00| 0 spa d | ||
| 020 |
_a1-56063-375- _q1 |
||
| 040 | _cCO-MdFUSB | ||
| 041 | 0 | _aspa | |
| 082 | 0 | 4 |
_223 _a235.4 _bS5537g |
| 100 | 1 |
_aSherrer, Quin _eautor |
|
| 245 | 1 | 0 |
_aGuerra espiritual : _buna guía para la mujer _c/ Quin Sherrer , Ruthanne Garlock ; traducido por Mónica Goldemberg |
| 264 | 1 |
_bUnilit, _aMiami, FL., USA : _c[1993] |
|
| 264 | 4 | _c©1993 | |
| 300 | _a176 páginas | ||
| 336 |
_atexto _btxt _2rdacontent |
||
| 337 |
_2rdamedia _asin mediación _bn |
||
| 338 |
_2rdacarrier _avolumen _bnc |
||
| 500 | _aTítulo en inglés : A woman's guide to spiritual warfare | ||
| 563 | _aRustico | ||
| 650 | 7 |
_aGuerra espiritual _92268 |
|
| 700 |
_aGarlock, Ruthanne, _911166 _eautor |
||
| 700 |
_aGoldemberg, Mónica, _92046 _etraductor |
||
| 942 | _cBK | ||
| 945 | _aMiguel | ||
| 999 |
_c35076 _d35076 |
||